| 000 | 00354nam a2200145Ia 4500 | ||
|---|---|---|---|
| 008 | 150201s2006 xx 000 0 und d | ||
| 082 |
_a611.313 _bD2006B |
||
| 100 | _aBHASKER,S.N. | ||
| 245 | _aORBANS ORAL HISTOLOGY & EMBRYOLOGY | ||
| 250 | _a11TH | ||
| 260 |
_bELSEVIER _aDELHI _c2006 |
||
| 300 | _a1-488 | ||
| 650 | _aDENTAL ANATOMY | ||
| 942 |
_2ddc _cBK |
||
| 999 |
_c3544 _d3544 |
||